Score 0/24 Timer 06:00
3 Plays Today
% Correct
George Washington
98.5%
Spring
97.6%
North
97.2%
Multiplication
97.1%
Football
97.1%
US Open
96.4%
Hearts
96.2%
New Mexico
95.6%
England
95.1%
Leonardo
94.9%
Mercury
93.1%
Lennon
92.5%
% Correct
Matthew
89.5%
Air
88.7%
Jail
86.6%
Ravenclaw
85.5%
Gas
84.8%
Kenny McCormick
81.7%
Human Torch
81.4%
Po
81.2%
Death
79.5%
Guanine
78.9%
Samwise Gamgee
77.8%
George
77.3%

You're not logged in!

Compare scores with friends on all Sporcle quizzes.
OR
Log In

Sporcle TV

Today on Sporcle TV


Watch our educational content, quiz creation guides, and fun videos on Sporcle TV.

Show Comments

Extras

Top Quizzes Today


Score Distribution

Paid Content

Your Account Isn't Verified!

In order to create a playlist on Sporcle, you need to verify the email address you used during registration. Go to your Sporcle Settings to finish the process.

Report this User

Report this user for behavior that violates our Community Guidelines.

Details: